00610nam a2200157Ia 4500008004100000100002300041245008300064245005800147260005300205260001800258300000800276650001500284856006100299999001900360952007300379170221s9999 xx 000 0 und d aLiliia V. Matraeva aStatistical Approach to the Analysis of Corporate Culture Interaction Process  cLiliia V. Matraeva, Alexey A. Konov, Alexey V. Belyak bInternational Review of Management and Marketing cDecember 2012 a4:2 xMarketing. uhttp://www.econjournals.com/index.php/irmm/issue/view/83 c310387d310387 001040aCLbCLd2017-02-21l0r2017-02-21 00:00:00w2017-02-21yFOJ